000
00213nam a22000857a 4500
008
161230b xxu||||| |||| 00| 0 eng d
100
_9
2240
_a
Aneja.P.C
245
_a
Deutsch Interessant
260
_a
New Delhi
_b
I.B.P
_c
2011
999
_c
5127
_d
5127